000 00709nam a2200289Ia 4500
005 20260324133256.0
008 008 260324s9999 xx 000 0 eng d
020 _a9781315067148
037 _aEBOOK
040 _aCRL
040 _beng
040 _cCRL
041 _2eng
041 _aeng
084 _qCRL
100 _aAnne-Grete Hestnes; Bjarne Saxhof; Robert Hastings
_91192472
245 0 _aSolar Energy Houses
245 0 _bStrategies, Technologies, Examples
260 _bTaylor and Francis
260 _c2003
365 _a
365 _b195
856 _uhttp://www.taylorfrancis.com/books/9781315067148
942 _cEBOOK
999 _c1791366
_d1791366